Amy Winehouse Songs - Sudden Death - Statistics

General Stats
  • This quiz has been taken 394 times
    146 since last reset
  • The average score is 9 of 17
Answers on the Grid
Answers color-coded by a green-red scale on the quiz's grid according to % correct below.
Warwick Avenue
Back to Black
Me & Mr. Jones
Hometown Glory
Rehab
In My Bed
The Sea
Just Friends
Diary
This World
Fool’s Gold
Take the Box
Old Money
Love Me or Leave Me
Valerie
Temptation
Cupid
Evergreen
Cry Me a River
Torn
When My Eyes
October Song
Slow
Blue Lights
Pills N Potions
Winter
Still
Cherry
Some Unholy War
Autumn Leaves
Down on My Knees
He Can Only Hold Her
Georgia
Wake Up Alone
Brother
Hold On
Addicted
Orbit
Lilac Wine
 
Answer Stats
Answer % Correct
Back to Black
95%
Rehab
93%
Valerie
90%
Me & Mr. Jones
84%
He Can Only Hold Her
67%
Wake Up Alone
62%
Just Friends
58%
Some Unholy War
58%
In My Bed
55%
Take the Box
53%
Addicted
50%
October Song
41%
Cherry
40%
Cupid
27%
Brother
26%
Fool’s Gold
16%
When My Eyes
8%
No matching quizzes found
Score Distribution
Percent of People with Each Score
Percentile by Number Answered
Your Score History
You have not taken this quiz since the last reset